Vista normal
Vista MARC
- Ramírez Reyes, Luis Alonso
Entrada Nombre personal
Número de registros utilizados en: 1
001 - NÚMERO DE CONTROL
- campo de control: 13279
003 - IDENTIFICADOR DE NÚMERO DE CONTROL
- campo de control: gtgcusco
005 - FECHA Y HORA DE LA ÚLTIMA TRANSACCIÓN
- campo de control: 20250616122235.0
008 - ELEMENTOS DE DATO DE LONGITUD-FIJA
- campo de control de longitud fija: 250616|| aca||aabn | a|a d
040 ## - FUENTE DE CATALOGACIÓN
- Centro catalogador/agencia de origen: gtgcusco
- Centro/agencia transcriptor: gtgcusco
100 ## - ENCABEZAMIENTO-NOMBRE DE PERSONA
- Nombre de persona: Ramírez Reyes, Luis Alonso
670 ## - FUENTE DE DATOS ENCONTRADOS
- Cita de la fuente: Work cat.: (gtgcusco)5439: Ramírez Reyes, Luis Alonso, Frecuencia de lesiones en cavidad bucal asociadas a enfermedades de transmisión sexual (ETS) en trabajadoras del sexo que son atendidas en el programa de profilaxis sexual del Centro de Salud de Retalhuleu, durante los meses de enero-febrero 1996., 1997

